Statistics for Lana Del Rey - Cinnamon Girl Lyrics

Click here to take the quiz!

General Stats

  • This quiz has been taken 75 times
  • The average score is 292 of 319

Answer Stats

Answer% Correct
Cinnamon
98%
You
98%
you
98%
I
97%
in
97%
me
97%
red
97%
the
97%
to
97%
be
95%
Be
95%
blue
95%
but
95%
But
95%
did
95%
ever
95%
first
95%
green
95%
keep
95%
let
95%
my
95%
There's
95%
things
95%
touch
95%
who
95%
win
95%
All
94%
hurting
94%
if
94%
I'll
94%
just
94%
out
94%
say
94%
wanna
94%
without
94%
You'll
94%
about
92%
hold
92%
Hold
92%
talk
92%
touching
92%
Violet
92%
your
92%
From
91%
live
91%
kiss
89%
not
89%
take
89%
that
89%
you're
89%
teeth
88%
give
86%
Like
86%
pills
86%
back
84%
better
84%
love
84%
way
84%
find
83%
try
83%
arm's
81%
at
81%
don't
81%
work
81%
again
78%
Ah
77%
ah
77%
push
77%
fire
75%
length
75%
mad
75%
make
75%
hands
67%
honey
66%
Kerosene
64%
on
55%

Score Distribution

Percentile by Number Answered

Percent of People with Each Score

Your Score History

You have not taken this quiz